000 01001cam a22002897a 4500
003 CHAP
005 20220329135356.0
008 971013s r 00010 d
010 _a35324
011 _a36296
035 _a40415
040 _cCHAP
090 _aFolleto 2017
110 _aMéxico. Secretaría de Agricultura y Ganadería. Comité Regional Agrícola, Ganadero y Forestal del Estado de Sinaloa
_977114
245 0 _aPlan agrícola regional
_b: ciclos de invierno 1968-1969 y primavera verano 1969
260 _a(Culiacán, Sin. :
_bs.e),
_c(s.a.)
300 _a44 p.
_b: ilus
590 _aBATCH-UPD
_b10
_c20130110
_lUCH01
_h1143
590 _aBATCH-UPD
_b10
_c20130410
_lUCH01
_h0728
590 _aBATCH-UPD
_b10
_c20130914
_lUCH01
_h0030
590 _aCONVERSION
_b10
_c20130109
_lUCH01
_h1320
650 1 4 _aAgricultura
_xSinaloa.
_91794
650 1 4 _aPolítica agrícola
_xSinaloa.
_990361
901 _aBK
942 _cFOLL
949 _aFolleto 2017
_bBC
_cFOLL
_d-92395
_eTS1
_i40415
_si
999 _c35324
_d35324